Lead TDS Enemies - Statistics

General Stats
  • This quiz has been taken 10 times
  • The average score is 4 of 5
Answer Stats
Answer % Correct
Lead
100%
Lead Balloon
100%
Lead Boss
100%
Cobalt Guard
67%
Knight
50%
No matching quizzes found
Score Distribution
Percent of People with Each Score
Percentile by Number Answered
Your Score History
You have not taken this quiz